| 000 | 00609nam a2200217 a 4500 | ||
|---|---|---|---|
| 005 | 20240412063640.0 | ||
| 008 | 031013s1997 mx r 000 0 spa d | ||
| 020 | _a9681903536 | ||
| 035 | _aUPN01000130034 | ||
| 049 | _aI | ||
| 050 | 4 |
_aPZ76.3 _bF4.7 |
|
| 100 | 1 | _aFerré, Rosario | |
| 245 | 1 | 3 |
_aLa sapita sabia y otros cuentos / _cRosario Ferré ; il. Rapi Diego. |
| 260 |
_aMéxico : _bAlfaguara, _c1997. |
||
| 300 |
_a48 p. : _bil. |
||
| 440 | 0 | _aInfantil | |
| 650 | 4 |
_aSapos _vCuentos y leyendas _912202 |
|
| 650 | 4 |
_aCuentos infantiles _96744 |
|
| 700 | 1 |
_aDiego, Rapi, _eil. |
|
| 905 | _aInfantil | ||
| 999 |
_c102191 _d102191 |
||